Creating prosperity through creative visualization

Bibliographic Details
Main Author: Too, Lillian (Author)
Format: Book
Published: Kuala Lumpur : Prosperity Concepts , 1992
Subjects:

MARC

LEADER 00000cam a2200000 7i4500
001 0000030740
005 20031203093000.0
008 021119s1992
020 |a 983906701X 
090 0 0 |a BF637.S8   |b T66 
100 0 |a Too, Lillian ,   |e author 
245 0 0 |a Creating prosperity through creative visualization   |c Lillian Too 
260 2 |a Kuala Lumpur :   |b Prosperity Concepts ,   |c 1992 
300 |a 124 p. ;   |c 21 cm. 
650 0 |a Success 
650 0 |a Visualization 
999 |a 1000057622   |b Book   |c OPEN SHELF (30 DAYS)   |e Gong Badak Campus